00793nam a2200193 a 4500003000200000005001700002008004100019050003200060100003400092245013900126260009300265300004800358504004000406650002800446650002300474650003200497650003200529650003800561020250426101717.0970114s19uu xx 00 eng d aPGS HV 4999.Y68b.F477 2003 aFiguracion, Francis Justin V. aThe perception of grade six students of Southville International School S.Y. 2002-2003 on drug abuse. /cFrancis Justin V. Figuracion. aLas Piñas City, Philippines : bSouthville International School and Colleges, c2003. a16 pages : billustrations ; c28 cm.  aIncludes bibliographic references.  aDrug abusevPrevention. aDrug abusevYouth. aDrug abusevPublic opinion. aDrug abusevSocial aspects. aDrug abusevPsychological aspects